MARC

LEADER 00000nam0a2200000 4500
001 330063
005 20231102004226.0
035 |a (RuTPU)RU\TPU\book\355836 
090 |a 330063 
100 |a 20170328d1929 k y0rusy50 ca 
101 0 |a rus  |a ger 
102 |a RU 
105 |a a z 000zy 
200 1 |a Состав и керамические свойства глин из окрестностей ст. Жданки Сызрано-Вяземской ж. д.  |f В. Пермяков  |g СССР, Высший совет народного хозяйства (ВСНХ), Научно-техническое управление ; Государственный исследовательский керамический институт 
210 |a Москва  |c Научно-техническое управление ВСНХ  |d 1929 
215 |a 32 с.  |c ил. 
225 1 |a Труды Научно-технического управления ВСНХ  |v № 314 
225 1 |a Труды государственного исследовательского керамического института  |v Вып. 17 
606 1 |a Глины  |x Анализ  |2 stltpush  |3 (RuTPU)RU\TPU\subj\7355  |9 35036 
610 1 |a состав 
610 1 |a керамические свойства 
610 1 |a образцы 
610 1 |a исследование 
610 1 |a месторождения 
610 1 |a библиотека М. А. Усова 
675 |a 552.52  |v 4 
700 1 |a Пермяков  |b В. 
712 0 1 |a СССР  |b Высший совет народного хозяйства (ВСНХ)  |b Научно-техническое управление  |2 stltpush  |3 (RuTPU)RU\TPU\col\14569 
712 0 2 |a Государственный исследовательский керамический институт  |2 stltpush  |3 (RuTPU)RU\TPU\col\22458 
801 1 |a RU  |b 63413507  |c 20170328 
801 2 |a RU  |b 63413507  |c 20170425  |g RCR 
942 |c BK